000 00479nam a2200193Ia 4500
003 GCL
008 140319s9999 xx 000 0 eng d
040 _aGCL /
_cGCL
082 0 4 _a574
_bG B
100 1 _aSTOUT, G. W.
245 1 0 _aBIOLOGICAL SCIENCE /
_cSTOUT, G. W.
700 1 _aGREEN, N. P. O.
700 1 _aTAYLOR, D. J.
700 1 _aSOPER, R.
260 _a[S.N] :
_bCAMBRIBGE UNIVERSITY PRESS ،
_c1995
300 _a972\P
650 0 4 _aBIOLOGY
942 _2ddc
_cBK
999 _c20169
_d20169